| 000 | 01139nam0a2200325 4500 | ||
|---|---|---|---|
| 001 | RU\NLR\bibl\1750617 | ||
| 005 | 20250616120453.0 | ||
| 010 |
_a978-5-4226-0165-3 _93000 |
||
| 021 |
_aRU _b2011-16754 _91183 |
||
| 035 | _a(NLR Aleph) 001741479 | ||
| 090 |
_a1462133 _c1462133 |
||
| 100 | _a20110324d2011 |||y0rusy50 ca | ||
| 101 | 0 | _arus | |
| 102 | _aRU | ||
| 105 | _aa ||||||||| | ||
| 200 | 1 |
_aКнига СПАС _eтвоя жизнь - в твоем желании жить, или Как жить безопасно _fК.В. Воюшин |
|
| 210 |
_aСанкт-Петербург _cКрылов _d2011 |
||
| 215 |
_a307, [1] c. _cил. _d21 |
||
| 225 | 1 | _aБиблиотека "Мужского клуба" | |
| 517 | 0 | _aКак жить безопасно | |
| 606 | 1 |
_aРукопашный бой _91172271 _3RU\NLR\auth\66152958 |
|
| 686 | _aЦ4,5(0)361.13 | ||
| 686 | _aЧ517.166 | ||
| 700 | 1 |
_aВоюшин _bК. В. _gКонстантин В _4070 |
|
| 801 | 0 |
_aRU _bNLR _c20110324 _gRCR |
|
| 801 | 1 |
_aRU _bNLR _c20110324 |
|
| 942 | _cBOOK | ||
| 980 | _aNB | ||
| 980 | _aNBR | ||